00901cam a22002651 4500001001300000003000400013005001700017008004100034010001700075035002000092040001800112043001200130050002200142100002800164240011000192245005000302260003900352300002500391500001800416500007100434504003200505651004400537700003700581999001700618sa 68001958 DLC20260227112438.0891122s1966 ii b b 000 0 malo  asa 68001958  a(OCoLC)20688023 aDLCcWaUdDLC aa-ii---00aDS485.K4bI2 19660 aIbn Batuta,d1304-1377.10aTuḥfat al-nuẓẓār fī gharāʼib al-amṣār wa-ʻajāʼib al-asfār.kSelections.lMalayalam10aKēraḷaṃ ar̲unnūr̲ukollaṃ munpȧ. a[Trichur?bV. Panikkassery,c1966] a187 p.bmap.c18 cm. aIn Malayalam. aTranslation of a portion of the author's Tuḥfat al-nuẓẓār. aBibliography: p. [179]-180. 0aKerala (India)xDescription and travel.1 aPanikkassery, Velayudhan,d1938- c78346d78346